000 00608cab a2200253 4500
001 ABS60596
008 090401t1999 xxu||||| |||| 00| 0 eng d
035 _a(Sirsi) u92634
041 _aeng
100 _aCampbell, K.
245 _aMixed use city centres
260 _c1999
350 _a0
490 _aUrban Design Quarterly
_v(70) April 1999, 20-23(4)
650 _aCITY CENTRES
650 _aDUBLIN
650 _aMANCHESTER
650 _aMIXED-USE
650 _aRESIDENTIAL CONVERSIONS
650 _aURBAN REGENERATION
690 _aURBAN RENEWAL
942 _n0
948 _c08/04/1999
999 _c58706
_d58706